[Event "Wroclaw Anderssen Memorial"]
[Site "Wroclaw"]
[Date "2022.07.30"]
[Round "8"]
[White "Galant, Ireneusz"]
[Black "Gajec, Roza"]
[Result "1-0"]
[WhiteElo "1823"]
[BlackElo "1268"]
[PlyCount "67"]
[EventDate "2022.07.30"]
[EventType "swiss (rapid)"]
[EventRounds "9"]
[EventCountry "POL"]
[SourceTitle "CBM 209 Extra"]
[Source "ChessBase"]
[SourceDate "2022.09.30"]
[SourceVersion "1"]
[SourceVersionDate "2022.09.30"]
[SourceQuality "1"]

1. d4 Nf6 2. Nc3 g6 3. Bf4 Bg7 4. e3 d5 5. Bd3 0-0 6. h4 Nc6 7. h5 Nxh5 8. Rxh5 gxh5 9. Qxh5 f5 10. Nf3 Rf6 11. 0-0-0 Be6 12. Qh2 Rc8 13. g4 Qe8 14. g5 Rf8 15. Rh1 Qg6 16. Nh4 Qe8 17. Qh3 Qd7 18. Nf3 Rf7 19. Qxh7+ Kf8 20. g6 Bf6 21. gxf7 Bxf7 22. Bh6+ Ke8 23. Rg1 e6 24. Bg5 Bxg5 25. Rxg5 Ke7 26. Rg7 Rf8 27. Ng5 Ke8 28. Ne2 Nd8 29. Nf4 Qd6 30. Ng6 a6 31. Nxf8 Qxf8 32. a3 b5 33. Be2 c6 34. Bh5 1-0

[Event "Wroclaw Anderssen Memorial"]
[Site "Wroclaw"]
[Date "2022.07.30"]
[Round "7"]
[White "Krawczyk, Eryk"]
[Black "Galant, Ireneusz"]
[Result "1-0"]
[WhiteElo "1239"]
[BlackElo "1823"]
[PlyCount "81"]
[EventDate "2022.07.30"]
[EventType "swiss (rapid)"]
[EventRounds "9"]
[EventCountry "POL"]
[SourceTitle "CBM 209 Extra"]
[Source "ChessBase"]
[SourceDate "2022.09.30"]
[SourceVersion "1"]
[SourceVersionDate "2022.09.30"]
[SourceQuality "1"]

1. Nf3 d5 2. d4 Nc6 3. c4 e6 4. Nc3 Bb4 5. cxd5 exd5 6. a3 Bxc3+ 7. bxc3 Be6 8. Bf4 Nf6 9. Rb1 Rb8 10. e3 a6 11. Qa4 0-0 12. Bd3 Ne4 13. Rc1 Bg4 14. Bxe4 dxe4 15. Ne5 Nxe5 16. Bxe5 f6 17. Qc4+ Kh8 18. Bxc7 Qc8 19. Qc5 Ra8 20. h3 Bd7 21. h4 Bc6 22. Qd6 Qg4 23. Qg3 Qd7 24. h5 Rac8 25. Bd6 Rfd8 26. h6 g6 27. Bc5 Bb5 28. Qf4 Qe6 29. Bb4 Bd3 30. Qg3 b6 31. a4 Qa2 32. Qg4 Qxa4 33. Qe6 Qc6 34. Qf7 Rd7 35. Be7 Rxe7 36. Qxe7 Rg8 37. Rh4 g5 38. Rg4 b5 39. d5 Qb6 40. d6 b4 41. Qxf6+ 1-0

[Event "Pardubice Czech op-E 32nd"]
[Site "Pardubice"]
[Date "2021.07.15"]
[Round "1.3"]
[White "Hollan, Petr"]
[Black "Galant, Ireneusz"]
[Result "1-0"]
[WhiteElo "2303"]
[BlackElo "1810"]
[PlyCount "69"]
[EventDate "2021.07.15"]
[EventType "team-swiss"]
[EventRounds "7"]
[EventCountry "CZE"]
[SourceTitle "CBM 203 Extra"]
[Source "ChessBase"]
[SourceDate "2021.09.30"]
[SourceVersion "1"]
[SourceVersionDate "2021.09.30"]
[SourceQuality "1"]
[WhiteTeam "Praha Oaza"]
[BlackTeam "Wroclaw Hetman"]
[WhiteTeamCountry "CZE"]
[BlackTeamCountry "POL"]

1. e4 c5 2. Nf3 Nc6 3. d4 cxd4 4. Nxd4 e5 5. Nb5 d6 6. N1c3 a6 7. Na3 Be7 8. Nc4 Nf6 9. Ne3 Be6 10. Bd3 d5 11. exd5 Nxd5 12. Ncxd5 Bxd5 13. 0-0 Be6 14. c3 0-0 15. Qe2 f5 16. Bc4 Bxc4 17. Qxc4+ Kh8 18. Rd1 Qe8 19. Nd5 f4 20. f3 Qf7 21. b3 Rad8 22. Bb2 Na5 23. Qc7 Rxd5 24. Rxd5 Nc6 25. Rd7 e4 26. Qxb7 Bc5+ 27. Kh1 Qf6 28. Rc7 exf3 29. Qxc6 fxg2+ 30. Qxg2 f3 31. Qg4 f2 32. Rf1 Qe5 33. Rxc5 Qxc5 34. c4 Qe7 35. Qxg7+ 1-0

[Event "Poronin Tatra Limba op"]
[Site "Poronin"]
[Date "2021.05.26"]
[Round "6"]
[White "Galant, Ireneusz"]
[Black "Wojdak, Jan"]
[Result "0-1"]
[WhiteElo "1827"]
[BlackElo "2005"]
[PlyCount "102"]
[EventDate "2021.05.22"]
[EventType "swiss"]
[EventRounds "9"]
[EventCountry "POL"]
[SourceTitle "EXT 2022"]
[Source "ChessBase"]
[SourceDate "2021.10.06"]
[SourceVersion "1"]
[SourceVersionDate "2021.10.06"]
[SourceQuality "1"]

1. e4 c6 2. d3 d5 3. Nd2 e5 4. Ngf3 Bd6 5. g3 Nf6 6. Bg2 0-0 7. 0-0 Nbd7 8. Re1 Re8 9. a4 a5 10. d4 dxe4 11. Nxe4 Nxe4 12. Rxe4 f5 13. Re1 e4 14. Nd2 Nf6 15. Nc4 Bc7 16. Bg5 h6 17. Bxf6 Qxf6 18. f4 Be6 19. Ne5 Rad8 20. Qh5 Bb6 21. Rad1 Re7 22. c3 Bb3 23. Rd2 c5 24. d5 Bc7 25. Ng6 Red7 26. d6 Rxd6 27. Rxd6 Rxd6 28. Ne5 Bf7 29. Qe2 Rd8 30. Nxf7 Qxf7 31. Qb5 b6 32. Bf1 Qg6 33. Rd1 Rxd1 34. Qb3+ Kh7 35. Qxd1 Bxf4 36. Qd5 Be3+ 37. Kg2 f4 38. Bc4 f3+ 39. Kf1 Qe8 40. Qf5+ g6 41. Qd5 Bg5 42. Qb7+ Kh8 43. h4 Bd2 44. Qd5 Bc1 45. Bb5 Qe7 46. Qa8+ Kg7 47. Bc4 Qd7 48. Qg8+ Kf6 49. Qf8+ Ke5 50. Qh8+ Kf5 51. Qf8+ Ke5 0-1

[Event "Poronin Tatra Limba op"]
[Site "Poronin"]
[Date "2021.05.22"]
[Round "1"]
[White "Warchol, Kamil"]
[Black "Galant, Ireneusz"]
[Result "1-0"]
[WhiteElo "2124"]
[BlackElo "1827"]
[PlyCount "83"]
[EventDate "2021.05.22"]
[EventType "swiss"]
[EventRounds "9"]
[EventCountry "POL"]
[SourceTitle "EXT 2022"]
[Source "ChessBase"]
[SourceDate "2021.10.06"]
[SourceVersion "1"]
[SourceVersionDate "2021.10.06"]
[SourceQuality "1"]

1. e4 c5 2. Nf3 Nc6 3. Bb5 g6 4. Bxc6 dxc6 5. d3 Bg7 6. h3 Nf6 7. Nc3 Nd7 8. Be3 e5 9. Qd2 h6 10. 0-0 b6 11. Nh2 g5 12. Ne2 Nf8 13. Ng3 Ng6 14. Nh5 0-0 15. Ng4 Bxg4 16. hxg4 Qe7 17. b3 Rfd8 18. a4 a6 19. f3 Bf8 20. Kf2 b5 21. Qc3 Rd4 22. Ng3 Nh4 23. Rh1 Rdd8 24. Rh2 Ra7 25. a5 c4 26. bxc4 bxc4 27. Qxc4 Rb7 28. Rhh1 Rb2 29. Rhb1 Rdb8 30. Bb6 Rb4 31. Rxb4 Qxb4 32. Qxb4 Bxb4 33. Ra4 Bd2 34. Ne2 Ng6 35. g3 c5 36. c3 Bf4 37. gxf4 exf4 38. Nc1 Ne5 39. d4 cxd4 40. cxd4 Nc6 41. Rc4 Ne7 42. d5 1-0

[Event "Rubinstein Memorial 56th"]
[Site "Polanica Zdroj"]
[Date "2020.08.18"]
[Round "4"]
[White "Wisniewski, Michal"]
[Black "Galant, Ireneusz"]
[Result "1-0"]
[WhiteElo "2155"]
[BlackElo "1803"]
[PlyCount "97"]
[EventDate "2020.08.15"]
[EventType "swiss"]
[EventRounds "9"]
[EventCountry "POL"]
[SourceTitle "CBM 197 Extra"]
[Source "ChessBase"]
[SourceDate "2020.09.30"]
[SourceVersion "1"]
[SourceVersionDate "2020.09.30"]
[SourceQuality "1"]

1. Nf3 Nf6 2. d4 e6 3. Bf4 d5 4. Nbd2 Be7 5. e3 0-0 6. c3 b6 7. Bd3 Bb7 8. 0-0 Nbd7 9. a4 a6 10. h3 h6 11. Bh2 Re8 12. Qe2 Ne4 13. Bc2 Nxd2 14. Qxd2 Bf6 15. Bf4 g5 16. Bg3 Bg7 17. Qd3 f5 18. Nd2 c5 19. f3 Nf6 20. Be5 a5 21. Qe2 Nh5 22. Bh2 Ba6 23. Bd3 Bxd3 24. Qxd3 cxd4 25. cxd4 Nf6 26. Nb1 Rc8 27. Nc3 Rc6 28. Rac1 Qd7 29. Nb5 Rec8 30. Rxc6 Rxc6 31. Nc3 Rc4 32. g4 Qc8 33. Be5 Rb4 34. Rf2 Qc4 35. Qc2 Qb3 36. gxf5 Qxc2 37. Rxc2 Rc4 38. fxe6 Kf8 39. Rd2 Nh5 40. Bd6+ Kg8 41. Nxd5 Nf6 42. Nxf6+ Bxf6 43. Ba3 Rc1+ 44. Kg2 Re1 45. e4 h5 46. d5 Be5 47. d6 Kg7 48. d7 Bc7 49. e7 1-0

[Event "Wroclaw Anderssen Memorial op"]
[Site "Wroclaw"]
[Date "2018.08.04"]
[Round "5"]
[White "Galant, Ireneusz"]
[Black "Kucza, Karol"]
[Result "0-1"]
[WhiteElo "1768"]
[BlackElo "2342"]
[PlyCount "96"]
[EventDate "2018.08.04"]
[EventType "swiss (rapid)"]
[EventRounds "13"]
[EventCountry "POL"]
[SourceTitle "CBM 185 Extra"]
[Source "ChessBase"]
[SourceDate "2018.07.29"]
[SourceVersion "1"]
[SourceVersionDate "2018.07.29"]
[SourceQuality "1"]

1. e4 c5 2. Nc3 Nc6 3. g3 g6 4. Bg2 Bg7 5. Nge2 e6 6. 0-0 Nge7 7. d3 0-0 8. Be3 b6 9. Qd2 Bb7 10. Bh6 d5 11. Bxg7 Kxg7 12. Rad1 d4 13. Nb1 e5 14. f4 f6 15. g4 exf4 16. Nxf4 Qd6 17. Qf2 Ne5 18. h3 Rad8 19. a4 Kg8 20. Qg3 c4 21. Na3 cxd3 22. cxd3 Ba6 23. Nb5 Bxb5 24. axb5 Rc8 25. Rc1 Rxc1 26. Rxc1 Nxd3 27. Qxd3 Qxf4 28. Qc4+ Kg7 29. Rf1 Qe5 30. Qa4 Rf7 31. Rd1 g5 32. Rxd4 Ng6 33. Qd1 Qxb5 34. Rd8 Nf4 35. Bf1 Qc5+ 36. Kh1 Qe3 37. Rd7 Qxe4+ 38. Kh2 Re7 39. Rxe7+ Qxe7 40. Qf3 Qc7 41. Kh1 a5 42. b3 Qd7 43. Kh2 b5 44. Qe4 a4 45. bxa4 bxa4 46. Qa8 Qd2+ 47. Kg1 Qd4+ 48. Kh2 Qf2+ 0-1

[Event "Wroclaw op"]
[Site "Wroclaw"]
[Date "2017.08.13"]
[Round "6"]
[White "Galant, Ireneusz"]
[Black "Kanarkiewicz, Michal"]
[Result "0-1"]
[WhiteElo "1739"]
[BlackElo "2034"]
[PlyCount "94"]
[EventDate "2017.08.10"]
[EventType "swiss"]
[EventRounds "9"]
[EventCountry "POL"]
[SourceTitle "CBM 180 Extra"]
[Source "ChessBase"]
[SourceDate "2017.10.06"]
[SourceVersion "1"]
[SourceVersionDate "2017.10.06"]
[SourceQuality "1"]

1. e4 c5 2. Nf3 a6 3. a4 d6 4. h3 Nf6 5. Nc3 e6 6. d3 Nc6 7. Bg5 Be7 8. Be2 0-0 9. Qd2 Bd7 10. g4 Nd4 11. Bf4 Bc6 12. a5 b5 13. axb6 Qxb6 14. b3 d5 15. e5 Nd7 16. Na4 Qc7 17. Nxd4 cxd4 18. Bh2 Nxe5 19. f4 Nd7 20. 0-0 Bd6 21. Rf2 Rfc8 22. Nb2 Bb5 23. Bf3 Qc3 24. Qc1 a5 25. Nd1 Qe1+ 26. Rf1 Qb4 27. Nf2 a4 28. bxa4 Rxa4 29. Rb1 Qc5 30. Bd1 Rb4 31. Ra1 Qc3 32. Rb1 Ba4 33. Rxb4 Bxb4 34. Qb1 Bd6 35. Qb7 Qc7 36. Qa6 Nc5 37. Qxc8+ Qxc8 38. g5 Nd7 39. Ng4 Bxc2 40. Be2 Qc3 41. Rf3 Nc5 42. Bf1 Nb3 43. Bg3 Nd2 44. Rf2 Nxf1 45. Rxf1 Bxd3 46. Rf3 Qc1+ 47. Kg2 Be4 0-1

[Event "Wroclaw Polonia op 3rd"]
[Site "Wroclaw"]
[Date "2008.06.25"]
[Round "6"]
[White "Galant, Ireneusz"]
[Black "Malec, Sebastian"]
[Result "1-0"]
[WhiteElo "1869"]
[BlackElo "1783"]
[PlyCount "57"]
[EventDate "2008.06.21"]
[EventType "swiss"]
[EventRounds "9"]
[EventCountry "POL"]
[SourceTitle "CBM 125 Extra"]
[Source "ChessBase"]
[SourceDate "2008.09.01"]
[SourceVersion "1"]
[SourceVersionDate "2008.09.01"]
[SourceQuality "1"]

1. e4 c5 2. Nf3 Nc6 3. d4 cxd4 4. Nxd4 Nf6 5. Nc3 e5 6. Ndb5 d6 7. Bg5 a6 8. Na3 b5 9. Nd5 Be7 10. Bxf6 Bxf6 11. c3 Ne7 12. Nc2 Nxd5 13. Qxd5 Rb8 14. 0-0-0 Be7 15. Kb1 0-0 16. Ne3 Be6 17. Qd2 h6 18. g3 Qb6 19. h4 Qb7 20. f3 Rfc8 21. g4 a5 22. g5 hxg5 23. hxg5 Bxg5 24. Qh2 Kf8 25. Nd5 Bxd5 26. Rxd5 b4 27. c4 Ke7 28. Rxe5+ dxe5 29. Qxe5+ 1-0

[Event "Wroclaw Polonia op 3rd"]
[Site "Wroclaw"]
[Date "2008.06.21"]
[Round "1.29"]
[White "Krzyzanowski, Marcin"]
[Black "Galant, Ireneusz"]
[Result "1-0"]
[WhiteElo "2176"]
[BlackElo "1869"]
[PlyCount "47"]
[EventDate "2008.06.21"]
[EventType "swiss"]
[EventRounds "9"]
[EventCountry "POL"]
[SourceTitle "CBM 125 Extra"]
[Source "ChessBase"]
[SourceDate "2008.09.01"]
[SourceVersion "1"]
[SourceVersionDate "2008.09.01"]
[SourceQuality "1"]

1. e4 d6 2. d4 Nf6 3. Nc3 g6 4. f4 Bg7 5. Nf3 0-0 6. Bd3 Nc6 7. 0-0 Bg4 8. Ne2 Nb4 9. f5 c5 10. fxg6 hxg6 11. Qe1 Bxf3 12. Rxf3 Nxd3 13. cxd3 cxd4 14. Qh4 Qa5 15. Bg5 Qe5 16. Rh3 Rfc8 17. Nf4 Rc2 18. Rf1 Rac8 19. Bh6 Nh5 20. Nxh5 Qxh5 21. Qxe7 R2c7 22. Qxd6 Qe5 23. Qxe5 Bxe5 24. Bg5 1-0